Cypriote terracottas : proceedings of the First International Conference of Cypriote Studies, Brussels-Liege-Amsterdam, 29 May - 1 June, 1989
Αποθηκεύτηκε σε:
| Συλλογικό Έργο: | , , , , |
|---|---|
| Άλλοι συγγραφείς: | , |
| Μορφή: | Πρακτικό Συνεδρίου Βιβλίο |
| Γλώσσα: | English French |
| Δημοσίευση: |
Brussels-Liege :
A. G. Leventis Foundation, Vrije Universiteit Brussel-Universite de Liege,
1991.
|
| Θέματα: | |
| Ετικέτες: |
Προσθήκη ετικέτας
Δεν υπάρχουν, Καταχωρήστε ετικέτα πρώτοι!
|
MARC
| LEADER | 00000cam a2200000 a 4500 | ||
|---|---|---|---|
| 001 | 1/117386 | ||
| 008 | 181017s1991####be | ||| |||| ||eng|| | ||
| 020 | |a 9963560121 | ||
| 040 | |a GR-MyUa |b gre |c GR-MyUa |e AACR2 | ||
| 041 | 0 | |a eng |a fre | |
| 082 | 7 | |a 733.30938 |2 (23) | |
| 111 | 2 | |a International Conference of Cypriote Studies |c Brussels, Belgium, etc.) |d 29 May - 1 June 1989 : |n (1st : . | |
| 245 | 1 | 0 | |a Cypriote terracottas : |b proceedings of the First International Conference of Cypriote Studies, Brussels-Liege-Amsterdam, 29 May - 1 June, 1989 / |c organized by the "Groupe de Contact interuniversitaire d'etudes chypriotes" / 'Interuniversitaire contactgroep voor Cyprische Studies", F.N.R.S. / N.F.W.O. (Belgium) ; edited by Frieda VANDENABEELE and Robert LAFFINEUR. |
| 260 | |a Brussels-Liege : |b A. G. Leventis Foundation, |b Vrije Universiteit Brussel-Universite de Liege, |c 1991. | ||
| 300 | |a 259 σ. : |b εικ., χάρτ. ; |c 30 εκ. | ||
| 504 | |a Περιλαμβάνει βιβιβλιογραφικές αναφορές. | ||
| 504 | |a Περιλαμβάνει ευρετήριο. | ||
| 650 | 0 | |a Terra-cotta sculpture, Cypriote. | |
| 650 | 0 | |a Terra-cotta figures, Cypriote. | |
| 650 | 0 | |a Art, Ancient |x Cyprus. | |
| 651 | 0 | |a Cyprus |x Antiquities |x Congresses. | |
| 700 | 1 | |a Vandenabeele, Frieda, |e edtf | |
| 700 | 1 | |a Laffineur, Robert, |e edt | |
| 710 | 2 | |a Groupe de contact interuniversitaire d'etudes chypriotes (Belgium) | |
| 710 | 2 | |a Universite de Liege. | |
| 710 | 2 | |a A. G. Leventis Foundation. | |
| 710 | 2 | |a Vrije Universiteit Brussel. | |
| 852 | |a INST |b RHODES |e 20181017 |h 733.30938 CYP |p 005400040276 |q 005400040276 |t BK |y 0 | ||
| 970 | |a Κωτάκου |b Μαρία |z 17-10-2018 | ||